Nonlinear effects of altitude on child growth in Peru: a multilevel analysis (Record no. 293070)

000 -LEADER
fixed length control field 00509cam a22001457a 4500
008 - FIXED-LENGTH DATA ELEMENTS--GENERAL INFORMATION
fixed length control field 180718b2006 xxu||||| |||| 00| 0 eng d
100 ## - MAIN ENTRY--PERSONAL NAME
Personal name Marini, Alessandra
245 ## - TITLE STATEMENT
Title Nonlinear effects of altitude on child growth in Peru: a multilevel analysis
Statement of responsibility, etc. by Alessandra Marini and Michele Gragnolati
260 ## - PUBLICATION, DISTRIBUTION, ETC.
Place of publication, distribution, etc. Washington, D.C.
Name of publisher, distributor, etc. World Bank
Date of publication, distribution, etc. 2006
300 ## - PHYSICAL DESCRIPTION
Extent 21p.
440 ## - SERIES STATEMENT/ADDED ENTRY--TITLE
Title Policy research working paper; no. 3823
650 ## - SUBJECT ADDED ENTRY--TOPICAL TERM
Topical term or geographic name entry element Child growth
650 ## - SUBJECT ADDED ENTRY--TOPICAL TERM
Topical term or geographic name entry element Nonlinear effects
700 ## - ADDED ENTRY--PERSONAL NAME
Personal name Gragnolati, Michele
Holdings
Withdrawn status Lost status Damaged status Not for loan Permanent Location Current Location Date acquired Barcode Date last seen Price effective from Koha item type
        Indian Institute of Public Administration Indian Institute of Public Administration 2006-02-21 WB10866 2018-07-20 2018-07-20 WB

Powered by Koha